000 00486nam a2200169Ia 4500
008 090201s9999 xx 000 0 und d
010 _aKPL-22158
040 _bमराठी
041 _aमराठी
082 _a13890
_b22158
100 _aना. ज. नाईल
245 _aकालिंदी
_cना. ज. नाईल
260 _c2004
_bसंजय प्रकाशन
300 _a174
_bमोठा
600 _aकालिंदी
942 _cBOOK
999 _c214072
_d214072